Principles of bioinformatics (Record no. 358747)

MARC details
000 -LEADER
fixed length control field 00496 a2200205 4500
005 - DATE & TIME
control field 20250128145524.0
008 - FIXED-LENGTH DATA ELEMENTS--GENERAL INFORMATION
fixed length control field 250128b |||||||| |||| 00| 0 eng d
020 ## - ISBN
International Standard Book Number 9781645325185
Price Rs. 5495.00
040 ## - CATALOGING SOURCE
Original cataloging agency VIVEKANANDA LIBRARY
082 ## - DDC NUMBER
Classification number 570.285
Book Number J724P
100 ## - MAIN ENTRY--PERSONAL NAME
Personal name Jones, Tim
245 ## - TITLE STATEMENT
Title Principles of bioinformatics
250 ## - EDITION STATEMENT
Edition statement 3rd
260 ## - PUBLICATION, DISTRIBUTION, ETC. (IMPRINT)
Name of publisher, distributor, etc Alexis Press
Date of publication, distribution, etc 2023
Place of publication, distribution, etc New York
300 ## - PHYSICAL DESCRIPTION
Pages viii, 257
650 ## - Subject
Subject Bioinformatics
650 ## - Subject
Subject Protein
650 ## - Subject
Subject Biology
942 ## - ADDED ENTRY ELEMENTS (KOHA)
Koha item type Books
Holdings
Withdrawn status Lost status Source of classification or shelving scheme Damaged status Not for loan Location (home branch) Sublocation or collection (holding branch) Shelving location Date acquired Koha issues (times borrowed) Koha full call number Accession No. Koha date last seen Koha item type
    Dewey Decimal Classification     VIVEKANANDA LIBRARY VIVEKANANDA LIBRARY Vivekananda Library 20/01/2025   570.285 J724P 394884 20/01/2025 Books
© Designed and Maintained by Vivekananda Library, MDU Rohtak